000 00288nam a22001337a 4500
008 171023b xxu||||| |||| 00| 0 eng d
020 _a9780618767953
041 _aeng
080 _29 ED
_a338
100 _a55
101 _aMEN
245 _aMAANAGEMENT
_cGRIFFIN
942 _2udc
_cBK
999 _c35559
_d35559